[Event "Kesan op 16th"]
[Site "Kesan"]
[Date "2018.08.12"]
[Round "1"]
[White "Nezhad Dehghan, Saghar"]
[Black "Olcum, Ahmet"]
[Result "0-1"]
[WhiteElo "1343"]
[BlackElo "2274"]
[PlyCount "38"]
[EventDate "2018.08.12"]
[EventType "swiss"]
[EventRounds "9"]
[EventCountry "TUR"]
[SourceTitle "CBM 186 Extra"]
[Source "ChessBase"]
[SourceDate "2018.08.24"]
[SourceVersion "1"]
[SourceVersionDate "2018.08.24"]
[SourceQuality "1"]

1. e4 d6 2. d4 g6 3. f4 Bg7 4. Nf3 c5 5. c3 cxd4 6. cxd4 Nf6 7. Nc3 0-0 8. Bc4 Nxe4 9. Nxe4 d5 10. Nf6+ Bxf6 11. Bb3 Bg4 12. 0-0 Nc6 13. Be3 Qb6 14. Bxd5 Rad8 15. Bxc6 bxc6 16. Qc1 Bxf3 17. Rxf3 Bxd4 18. Bxd4 Rxd4 19. Rb3 Rd1# 0-1